Welcome to the Holygrace Academy Library

Please use search bar below to get started

HOW THINGS WORK (Record no. 1861)

MARC details
000 -LEADER
fixed length control field 00327nam a22001337a 4500
020 ## - INTERNATIONAL STANDARD BOOK NUMBER
ISBN 0-7513-0215-5
082 ## - DEWEY DECIMAL CLASSIFICATION NUMBER
Classification number 030
Item number ARD/H
100 ## - MAIN ENTRY--AUTHOR NAME
Personal name ARDLEY, NEIL
245 ## - TITLE STATEMENT
Title HOW THINGS WORK
Remainder of title SECRETS THAT REVEAL TECHNOLOGY
260 ## - PUBLICATION, DISTRIBUTION, ETC. (IMPRINT)
Place of publication LONDON
Name of publisher DK LIMITED
300 ## - PHYSICAL DESCRIPTION
Number of Pages 191
650 ## - SUBJECT ADDED ENTRY--TOPICAL TERM
Topical Term GENERAL KNOWLEDGE
Geographic subdivision UNITED KINGDOM
942 ## - ADDED ENTRY ELEMENTS (KOHA)
Koha item type Books
Holdings
Withdrawn status Lost status Collection code Home library Current library Shelving location Date acquired Source of acquisition Full call number Accession Number Koha item type
    Reference Main Library Main Library SHELF 1-C ENCYCLOPEDIAS ,G K REFERENCE 28/03/2003 purchase 030 ARD/H 01293 Books